1535 1132 1682 1122 1139 1066 1440 1865 1385 1422 1112 1285 1983 1806 1178 1009 1183 1836 1146 1929 1426 1341 1454 1641 1513 1183 1583 1883 1424 1979 1146 1315 1130 1194 1107 1563 1117 1400 1109 1411 1103 1247 1063 1251 1818 1089 1217 1293 1554 1625 1611 1196 1090 1300 1637 1822 1305 1426 1198 1855 1907 1981 1348 1472 1762 1564 1283 1101 1356 1574 1111 1734 1464 1785 1837 1679 1584 1867 1934 1834 1434 1068 1157 1091 1570 1506 1061 1098 1398 1188 1522 1978 1528 1037 1181 1157 1268 1332 1395 BCNSPRNW ULIB Ver.6.0+V

เปลี่ยนเป็นภาษาไทย

Change to English
 แสดงรายละเอียดบรรณานุกรม
  กลับหน้าหลัก

Brief Record : Get Marc (ISO 2709) : E-mail record : QR code < ปิดหน้าต่าง
LEADER : 00000nam 2200000uu 4500
001    13399122591
003     ULIB
008    020711s2545 th a 000 0 tha d
020    9747406349
090    นว.^bV643ล
100    Victor Hugo;^e เขียน
245    ลูกทะเล /^cVictor Hugo ; เขียน,ธีรา สุขสวัสดิ์ ณ อยุธยา ; แปล
260    กรุงเทพฯ :^bข้าวฟ่าง,^c2545
300    276 หน้า
700    ธีรา สุขสวัสดิ์ ณ อยุธยา ;^e แปล
945    ^p140^l0^i20037
999    ^aทศพร เกษรทอง
รายการนี้ยังไม่มีแท็ก
คุณยังไม่ได้ล็อกอิน คุณสามารถมีกิจกรรมร่วมกับเว็บไซต์ได้ แต่ต้องล็อกอินก่อน ::
  ล็อกอิน

รายการสื่อสารสนเทศ

ลำดับที่ ประเภท เลขเรียก/บาร์โค้ด สถานที่ สถานะ
1. นวนิยาย
นวนิยาย
นว. V643ล ฉ.1 
  Barcode: 20037
ห้องสมุดวิทยาเขตสวรรค์ประชารักษ์
►นวนิยาย
บนชั้น
  ขอยืม

BibComment


ยังไม่เคยถูกคอมเมนท์

คอมเมนท์ทรัพยากรรายการนี้
  คอมเมนท์: ลูกทะเล Victor H..


 Copyright 2026. Bcnsprnw @Library